[Event "Kvika Reykjavik Open 2022"]
[Site "Reykjavik ISL"]
[Date "2022.04.07"]
[Round "3.73"]
[White "Skarphedinsson, Ingvar Wu"]
[Black "Bartelt, Max Peter"]
[Result "0-1"]
[WhiteElo "1673"]
[BlackElo "1949"]
[WhiteFideId "2316943"]
[BlackFideId "12967289"]
[EventDate "2022.04.06"]

1. d4 Nf6 2. c4 g6 3. Nc3 Bg7 4. e4 O-O 5. Be2 d6 6. Bg5 Nbd7 7. Qd2 e5 8. d5 a5
9. f3 Nc5 10. h4 c6 11. Nh3 Qc7 12. Nf2 Ne8 13. g4 f5 14. gxf5 gxf5 15. Nd3
Nxd3+ 16. Bxd3 f4 17. h5 h6 18. Bh4 Qf7 19. Qg2 Kh7 20. O-O-O Rg8 21. Rdg1 Bf6
22. Qxg8+ Qxg8 23. Rxg8 Kxg8 24. Rg1+ Kf7 25. Bxf6 Nxf6 26. Rg6 Bd7 27. Rxh6 Rg8
28. Rg6 Rh8 29. Rg5 Nxh5 30. Rg1 Ng3 31. dxc6 bxc6 32. c5 dxc5 33. Bc4+ Be6 34.
Bxe6+ Kxe6 35. Rd1 Rh2 36. Rd2 Nf1 37. Re2 c4 38. a3 Kd6 39. Kb1 Rxe2 40. Nxe2
Nd2+ 41. Kc2 Nxf3 42. Kc3 Kc5 43. Nc1 Ng5 44. b4+ axb4+ 45. axb4+ Kb5 0-1

[Event "Kvika Reykjavik Open 2022"]
[Site "Reykjavik ISL"]
[Date "2022.04.07"]
[Round "3.74"]
[White "Khoury, Theo"]
[Black "Adavatkar, Rugved"]
[Result "1-0"]
[WhiteElo "1949"]
[BlackElo "1652"]
[WhiteFideId "480703"]
[BlackFideId "1055011"]
[EventDate "2022.04.06"]

1. e4 g6 2. d4 Bg7 3. Nf3 d6 4. Nc3 a6 5. a4 Nd7 6. Bc4 c5 7. Be3 Nb6 8. Ba2 Bg4
9. Bxf7+ Kxf7 10. Ng5+ Ke8 11. Qxg4 Nh6 12. Qh3 cxd4 13. Ne6 Qc8 14. Nxg7+ Kf7
15. Qf3+ Kxg7 16. Bxd4+ e5 17. Bxb6 Rf8 18. Qd3 Qc6 19. a5 Nf7 20. Qd5 Qd7 21.
O-O-O Rac8 22. Rhf1 Qg4 23. Qxb7 Qxg2 24. Qxa6 Qf3 25. Qd3 Qf6 26. Nd5 Qe6 27.
f4 Kg8 28. f5 gxf5 29. exf5 e4 30. Qg3+ Kh8 31. fxe6 Ne5 32. Bd4 Rf3 33. Rxf3
exf3 34. Rg1 1-0

[Event "Kvika Reykjavik Open 2022"]
[Site "Reykjavik ISL"]
[Date "2022.04.07"]
[Round "3.75"]
[White "Natoli, Domenico"]
[Black "Maes, Tibo"]
[Result "0-1"]
[WhiteElo "1608"]
[BlackElo "1946"]
[WhiteFideId "806277"]
[BlackFideId "231274"]
[EventDate "2022.04.06"]

1. d4 d5 2. c4 e6 3. Nc3 Nf6 4. Bg5 dxc4 5. e3 c5 6. Bxc4 cxd4 7. exd4 Be7 8.
Nf3 Nc6 9. O-O O-O 10. Qd2 a6 11. Rfd1 b5 12. Bb3 b4 13. Ne2 Ne4 14. Bxe7 Nxd2
15. Bxd8 Nxb3 16. axb3 Rxd8 17. Rac1 Bb7 18. Ng3 Rac8 19. Kf1 Na5 20. Rxc8 Rxc8
21. Nd2 Bd5 22. Ra1 Nxb3 23. Nxb3 Bxb3 24. Ne4 Bc4+ 25. Ke1 Rc6 26. Ra4 Rb6 27.
Kd2 Kf8 28. Nc5 Ke7 29. b3 Bb5 30. Ra1 Kd6 31. f4 Kd5 32. Ke3 f6 33. Rc1 Rc6 34.
g4 e5 35. dxe5 Rxc5 36. Rd1+ Ke6 37. Rd6+ Ke7 38. Kd4 Rc3 39. Rb6 Rxb3 40. Rb7+
Bd7 41. exf6+ gxf6 42. f5 Rf3 43. Ke4 Kd6 44. Rb6+ Bc6+ 45. Kd4 a5 46. Ra6 a4
47. Ra7 a3 48. Kc4 b3 0-1

[Event "Kvika Reykjavik Open 2022"]
[Site "Reykjavik ISL"]
[Date "2022.04.07"]
[Round "3.76"]
[White "Eedle, Eric F"]
[Black "Arvidsson, Jonas"]
[Result "1-0"]
[WhiteElo "1559"]
[BlackElo "1942"]
[WhiteFideId "429627"]
[BlackFideId "1717839"]
[EventDate "2022.04.06"]

1. d4 Nf6 2. c4 c5 3. d5 b5 4. cxb5 a6 5. e3 g6 6. Nc3 Bg7 7. Nf3 O-O 8. a4 axb5
9. Bxb5 d6 10. h3 Na6 11. O-O Nb4 12. e4 Ba6 13. Re1 Nd7 14. Ra3 Nb6 15. Qe2 Qc8
16. a5 Nd7 17. Bg5 Qd8 18. Rea1 h6 19. Bc1 Kh7 20. Ne1 e6 21. Bxa6 Rxa6 22. Bd2
Ra8 23. dxe6 fxe6 24. Qc4 Qf6 25. Nd1 Nc6 26. Bc3 Nde5 27. Qf1 d5 28. exd5 exd5
29. Bxe5 Nxe5 30. Nd3 Nc4 31. Ra4 Qd6 32. a6 Bd4 33. a7 Rfe8 34. Kh1 Re7 35. Ra6
Qc7 36. Nc3 Qb7 37. Nf4 Qxb2 38. Ncxd5 Nd2 39. Qd3 Rg7 40. Nxg6 c4 41. Qf5 Qxa1+
42. Rxa1 Bxa1 43. Nge7+ Kh8 44. Qf4 1-0

[Event "Kvika Reykjavik Open 2022"]
[Site "Reykjavik ISL"]
[Date "2022.04.07"]
[Round "3.77"]
[White "Unhjem, Bjorn Robert Lovoll"]
[Black "Leifsson, Thorsteinn"]
[Result "1-0"]
[WhiteElo "1939"]
[BlackElo "1652"]
[WhiteFideId "1525948"]
[BlackFideId "2302764"]
[EventDate "2022.04.06"]

1. d4 d5 2. c4 e6 3. Nc3 Nf6 4. Bg5 Be7 5. e3 h6 6. Bh4 O-O 7. Bd3 b6 8. cxd5
Nxd5 9. Bg3 Bb7 10. Nge2 Nxc3 11. Nxc3 Bxg2 12. Rg1 Bb7 13. Qh5 1-0

[Event "Kvika Reykjavik Open 2022"]
[Site "Reykjavik ISL"]
[Date "2022.04.07"]
[Round "3.78"]
[White "Kewalramani, Abhir"]
[Black "Ragnarsson, Johann"]
[Result "0-1"]
[WhiteElo "1474"]
[BlackElo "1913"]
[WhiteFideId "366196828"]
[BlackFideId "2301040"]
[EventDate "2022.04.06"]

1. d4 d5 2. c4 e6 3. Nc3 c6 4. Nf3 dxc4 5. a4 Bb4 6. e3 b5 7. Ne5 Nf6 8. Qf3 Qd5
9. Be2 Qxf3 10. Bxf3 Nd5 11. O-O f6 12. Bxd5 cxd5 13. Nf3 bxa4 14. Nb5 Na6 15.
Rxa4 Bd7 16. Rxb4 Nxb4 17. Nc7+ Kf7 18. Nxa8 Rxa8 19. Bd2 Nd3 20. Bc3 a5 21. Ra1
a4 22. Ne1 Rb8 23. Nxd3 cxd3 24. Kf1 Bb5 25. Ke1 Re8 26. f4 Kg6 27. Kd2 Kf5 28.
h3 h5 29. Rc1 Bc4 30. Ra1 Ra8 31. Bb4 g5 32. Rf1 g4 33. hxg4+ Kxg4 34. Rf3 Rg8
35. Be7 Kf5 36. Rf2 Rg7 37. Bb4 Rg3 38. Be7 h4 39. Bd8 Rg7 40. Ba5 Rb7 41. Bc3
Rb3 42. Rf1 a3 43. bxa3 Rxa3 44. Rg1 Ra2+ 45. Kd1 Kg4 46. Be1 Bb3+ 47. Kc1 Rc2+
48. Kb1 Ba2+ 49. Ka1 Rc1+ 50. Kxa2 d2 51. Bxd2 Rxg1 52. e4 Rxg2 53. f5 exf5 54.
e5 fxe5 0-1

[Event "Kvika Reykjavik Open 2022"]
[Site "Reykjavik ISL"]
[Date "2022.04.07"]
[Round "3.79"]
[White "Arnalds, Stefan"]
[Black "Signyjarson, Arnar Smari"]
[Result "1-0"]
[WhiteElo "1900"]
[BlackElo "1565"]
[WhiteFideId "2304821"]
[BlackFideId "2316340"]
[EventDate "2022.04.06"]

1. d4 Nf6 2. c4 g6 3. Nc3 Bg7 4. e4 d6 5. f3 O-O 6. Be3 e5 7. d5 a5 8. Qd2 Na6
9. Nge2 Nc5 10. O-O-O Bd7 11. Kb1 Na4 12. g4 Nc5 13. Ng3 a4 14. h4 a3 15. b3 Qe7
16. h5 Rfb8 17. Qh2 c6 18. hxg6 fxg6 19. g5 Ne8 20. Qxh7+ Kf7 21. Rh6 Nc7 22.
Qxg6+ Kg8 23. Nf5 Qf8 24. Nxg7 Qxg7 25. Qxd6 Qf8 26. Qxf8+ Kxf8 27. Bxc5+ 1-0

[Event "Kvika Reykjavik Open 2022"]
[Site "Reykjavik ISL"]
[Date "2022.04.07"]
[Round "3.80"]
[White "Hughes, Anthony"]
[Black "Patel, Zain"]
[Result "1-0"]
[WhiteTitle "CM"]
[WhiteElo "1869"]
[BlackElo "1557"]
[WhiteFideId "1803093"]
[BlackFideId "469246"]
[EventDate "2022.04.06"]

1. c4 c6 2. e4 e6 3. Nc3 d5 4. d4 dxe4 5. Nxe4 Bb4+ 6. Bd2 Qxd4 7. Bxb4 Qxe4+ 8.
Be2 Qxg2 9. Bf3 Qg5 10. Ne2 Nd7 11. Rg1 Qf6 12. Bc3 Ne5 13. Bh5 Qf5 14. Ng3 Qf4
15. Qe2 Ng6 16. Bxg7 Qh4 17. Bxh8 Nf4 18. Nf5 1-0

[Event "Kvika Reykjavik Open 2022"]
[Site "Reykjavik ISL"]
[Date "2022.04.07"]
[Round "3.81"]
[White "Brynjarsson, Orvar Holm"]
[Black "Finnbogadottir, Tinna Kristin"]
[Result "0-1"]
[WhiteElo "1211"]
[BlackElo "1848"]
[WhiteFideId "2321726"]
[BlackFideId "2300214"]
[EventDate "2022.04.06"]

1. e4 c5 2. c3 e6 3. d4 cxd4 4. cxd4 d5 5. e5 a6 6. Nc3 Nc6 7. Nf3 Nge7 8. Be3
Nf5 9. Qd2 Nxe3 10. Qxe3 Be7 11. Bd3 Bd7 12. a3 Rc8 13. g4 Na5 14. h4 Nc4 15.
Bxc4 Rxc4 16. Kd2 Qb6 17. b4 f6 18. g5 fxe5 19. Qxe5 O-O 20. Qe3 Bd6 21. Ne2 a5
22. Rac1 Rxc1 23. Rxc1 axb4 24. Qb3 Qa5 25. axb4 Qxb4+ 26. Qc3 Qxc3+ 27. Rxc3
Bb4 28. Ke3 Bxc3 29. Nxc3 Rc8 30. Kd3 Be8 31. Ne5 Kf8 32. f4 Bc6 33. Ne2 Bb5+
34. Kd2 Bxe2 35. Kxe2 Rc3 36. Nd3 b6 37. Ne5 Ke7 38. Kf2 b5 39. h5 b4 40. h6
gxh6 41. Ke2 h5 0-1

[Event "Kvika Reykjavik Open 2022"]
[Site "Reykjavik ISL"]
[Date "2022.04.07"]
[Round "3.82"]
[White "Jonsson, Olafur Gisli"]
[Black "Seshadri, Sridhar"]
[Result "1-0"]
[WhiteElo "1847"]
[BlackElo "1542"]
[WhiteFideId "2302705"]
[BlackFideId "30913942"]
[EventDate "2022.04.06"]

1. d4 d5 2. Nf3 Nf6 3. c4 c6 4. Qc2 dxc4 5. Qxc4 e6 6. Nc3 Be7 7. e4 b5 8. Qd3
b4 9. Na4 Ba6 10. Qc2 Bxf1 11. Kxf1 O-O 12. g3 Qa5 13. b3 Rc8 14. Be3 Nbd7 15.
Rc1 Qb5+ 16. Kg2 Ng4 17. Rhd1 Nxe3+ 18. fxe3 Qh5 19. Qd3 g5 20. h3 Nf6 21. Ne5
c5 22. Nxc5 g4 23. hxg4 Qg5 24. Rf1 Bxc5 25. Nxf7 Qg6 26. g5 Qxe4+ 27. Qxe4 Nxe4
28. dxc5 Rxc5 29. Rxc5 Nxc5 30. Rc1 Kxf7 31. Rxc5 Kg6 32. Rb5 a5 33. Kf3 Ra6 34.
Ke4 h6 35. gxh6 Kxh6 36. Kd4 Rd6+ 37. Kc4 Rc6+ 38. Rc5 Ra6 39. Kb5 Ra8 40. Rc6
Kg5 41. Rxe6 Kg4 42. Ra6 Rb8+ 43. Kxa5 Kxg3 44. Rb6 Ra8+ 45. Kxb4 Rxa2 46. Re6
Rc2 47. Kb5 Kg4 48. b4 Rc8 49. Rc6 Rb8+ 50. Kc5 Kf3 51. b5 Rh8 52. b6 Rh5+ 53.
Kd6 Rh6+ 54. Kc7 Rh7+ 55. Kb8 Rh8+ 56. Ka7 Ke4 57. b7 Kd5 58. Rc8 1-0

[Event "Kvika Reykjavik Open 2022"]
[Site "Reykjavik ISL"]
[Date "2022.04.07"]
[Round "3.83"]
[White "Thomas, Kenneth"]
[Black "Sandin, Albin"]
[Result "1-0"]
[WhiteElo "1834"]
[BlackElo "1513"]
[WhiteFideId "2022761"]
[BlackFideId "1731092"]
[EventDate "2022.04.06"]

1. d4 g6 2. Nf3 Bg7 3. c4 c5 4. d5 b5 5. cxb5 Qa5+ 6. Bd2 Qxb5 7. Nc3 Qb7 8. g3
Nf6 9. Bg2 d6 10. O-O O-O 11. Qc2 a5 12. e4 Na6 13. a3 Bd7 14. Rfe1 Rab8 15.
Rab1 c4 16. Be3 Rfc8 17. Qe2 Nc5 18. Bxc5 Rxc5 19. Nd2 Rbc8 20. h3 Be8 21. Kh2
Nd7 22. f4 Qb8 23. Nf3 Nb6 24. Qd2 Na4 25. Nd4 Qa7 26. Nde2 Rb8 27. Nxa4 Bxa4
28. Nc3 Bb3 29. e5 dxe5 30. fxe5 Rd8 31. Qf2 Qc7 32. Re2 a4 33. Rf1 Rf8 34. d6
exd6 35. exd6 Qa5 36. Re8 Rf5 37. Rxf8+ Bxf8 38. Qd2 Rxf1 39. Bxf1 Qb6 40. d7
Qd8 41. Nd5 Bg7 42. Ne7+ 1-0

[Event "Kvika Reykjavik Open 2022"]
[Site "Reykjavik ISL"]
[Date "2022.04.07"]
[Round "3.84"]
[White "Briem, Gudrun Fanney"]
[Black "Anand, Vignesh"]
[Result "0-1"]
[WhiteElo "1364"]
[BlackElo "1829"]
[WhiteFideId "2317486"]
[BlackFideId "30916348"]
[EventDate "2022.04.06"]

1. d4 Nf6 2. c4 g6 3. Nc3 d5 4. Bg5 Ne4 5. h4 Nxg5 6. hxg5 Bg7 7. Nf3 c6 8. cxd5
cxd5 9. Ne5 Bxe5 10. dxe5 d4 11. Nb1 Qa5+ 12. Nd2 Qxe5 13. Nf3 Qa5+ 14. Qd2
Qxd2+ 15. Nxd2 Nc6 16. a3 a6 17. g3 Bd7 18. Bg2 Nd8 19. Rc1 Bc6 20. O-O Bxg2 21.
Kxg2 Nc6 22. f4 O-O-O 23. Nf3 Kb8 24. Rfd1 Rd6 25. Rd2 f6 26. gxf6 exf6 27. Rcd1
Rc8 28. Kf2 Re6 29. Re1 Re4 30. b4 Kc7 31. Rc1 Kb6 32. Rb1 Kb5 33. a4+ Kxa4 34.
b5 Nb4 35. bxa6 bxa6 36. Nxd4 Ka5 37. Nc2 Rc6 38. Ra1+ Kb6 39. Rb1 a5 40. Nxb4
axb4 41. e3 Kb5 42. Rdb2 Ra6 43. Rd2 Ra3 44. Re2 Rc3 45. Kf3 f5 46. g4 b3 47.
gxf5 gxf5 48. Rh1 Re7 49. Rh5 Rf7 50. Reh2 Rcc7 51. Rh6 Rc6 52. Rxc6 Kxc6 53.
Rb2 Rb7 54. Ke2 Kc5 55. Kd2 Kb4 56. Rb1 Rd7+ 57. Ke2 Rc7 58. Kd3 Rd7+ 59. Ke2
Rd5 0-1

[Event "Kvika Reykjavik Open 2022"]
[Site "Reykjavik ISL"]
[Date "2022.04.07"]
[Round "3.85"]
[White "Jonsson, Kristjan Dagur"]
[Black "Omarsson, Josef"]
[Result "1-0"]
[WhiteElo "1828"]
[BlackElo "1352"]
[WhiteFideId "2313413"]
[BlackFideId "2316102"]
[EventDate "2022.04.06"]

1. d4 Nf6 2. c4 g6 3. Nc3 Bg7 4. e4 O-O 5. Be3 d6 6. h3 e5 7. d5 Na6 8. g4 Nc5
9. f3 c6 10. Nge2 cxd5 11. cxd5 a5 12. Ng3 Bd7 13. Qd2 Re8 14. Bh6 Bh8 15. h4
Rb8 16. h5 b5 17. Nf5 Bxf5 18. gxf5 Nxh5 19. Rxh5 gxh5 20. Qg2+ 1-0

[Event "Kvika Reykjavik Open 2022"]
[Site "Reykjavik ISL"]
[Date "2022.04.07"]
[Round "3.88"]
[White "Hallmundarson, Birkir"]
[Black "Koes, Richard"]
[Result "1-0"]
[WhiteElo "1162"]
[BlackElo "1807"]
[WhiteFideId "2319446"]
[BlackFideId "1020528"]
[EventDate "2022.04.06"]

1. Nf3 Nf6 2. c4 g6 3. d4 c5 4. d5 d6 5. Nc3 Bg7 6. h3 O-O 7. e4 e6 8. Bd3 exd5
9. cxd5 b5 10. O-O b4 11. Ne2 a5 12. Ng3 Ba6 13. Bxa6 Rxa6 14. Nd2 Nfd7 15. Qe2
Nb6 16. Nc4 Nxc4 17. Qxc4 Qb6 18. Kh1 Nd7 19. f4 a4 20. Rb1 Ra7 21. f5 Qd8 22.
Bf4 Be5 23. Ne2 Bxf4 24. Nxf4 Ne5 25. Qe2 c4 26. Qe3 Rb7 27. Ne2 Qh4 28. Rf4 Qh6
29. Qg3 Nd3 30. Rh4 Qd2 31. Nf4 Nf2+ 32. Kh2 Nxe4 33. Qg4 Nf6 34. Qg5 Nxd5 35.
fxg6 f5 36. gxh7+ Kh8 1-0

[Event "Kvika Reykjavik Open 2022"]
[Site "Reykjavik ISL"]
[Date "2022.04.07"]
[Round "3.96"]
[White "Thorsteinsson, Thorsteinn Jakob F"]
[Black "Omarsson, Adam"]
[Result "1/2-1/2"]
[WhiteElo "1394"]
[BlackElo "1740"]
[WhiteFideId "2317940"]
[BlackFideId "2311453"]
[EventDate "2022.04.06"]

1. e4 g6 2. d4 Bg7 3. Nc3 d6 4. f4 Nf6 5. Nf3 O-O 6. Be3 Ng4 7. Bg1 Nf6 8. Qd2
c6 9. Bd3 b5 10. e5 dxe5 11. dxe5 Nd5 12. Be4 Nxc3 13. Qxc3 Bd7 14. h4 h5 15.
Rd1 Qc8 16. Ng5 Bf5 17. Bc5 Bxe4 18. Nxe4 Qf5 19. Qe3 Re8 20. O-O Na6 21. Rd2
Nxc5 22. Nxc5 Red8 23. Rfd1 Rxd2 24. Rxd2 Qg4 25. g3 a5 26. Kg2 Rc8 27. Qf3
Qxf3+ 1/2-1/2

[Event "Kvika Reykjavik Open 2022"]
[Site "Reykjavik ISL"]
[Date "2022.04.07"]
[Round "3.97"]
[White "Hafdisarson, Ingi Thor"]
[Black "Grose, Kameron"]
[Result "0-1"]
[WhiteElo "1314"]
[BlackElo "1681"]
[WhiteFideId "2306956"]
[BlackFideId "474010"]
[EventDate "2022.04.06"]

1. d4 d5 2. Bf4 Nf6 3. e3 Bf5 4. c3 c6 5. Nf3 e6 6. h3 Bd6 7. Ne5 O-O 8. Bd3 Bg6
9. Nxg6 hxg6 10. Bg5 Nbd7 11. O-O Rc8 12. Nd2 a6 13. Nf3 Qb6 14. Qb3 Qxb3 15.
axb3 c5 16. Nd2 cxd4 17. exd4 Nh5 18. g3 Rfe8 19. c4 Bb4 20. Nf3 Nhf6 21. Bd2
Bxd2 22. Nxd2 e5 23. dxe5 Nxe5 24. Be2 Red8 25. f4 dxc4 26. fxe5 Rxd2 27. Bxc4
Nd5 28. Rf3 b5 29. Rd3 Rxd3 30. Bxd3 Nb4 31. Bf1 Rc5 32. Re1 Kf8 33. Re4 Nc6 34.
e6 f6 35. Bg2 Ne5 36. Rd4 Ke7 37. b4 Rc1+ 38. Kh2 Rc2 39. Rf4 Kxe6 40. b3 g5 41.
Rf1 Re2 42. g4 Nd3 43. Kg1 Nxb4 44. Bf3 Rd2 45. Re1+ Kd6 46. Re8 Kc7 47. Ra8 Rd7
48. Ra7+ Kd6 49. Ra8 Ke5 50. Re8+ Kf4 51. Ba8 Nd5 52. Re6 b4 53. Bc6 Rd8 54. Kf2
Nc3 55. Ke1 Rd3 56. Kf2 Rd2+ 57. Ke1 Rd3 58. Kf2 Rxh3 59. Bg2 Re3 60. Rxa6 Nd1+
61. Kg1 Kg3 62. Bf1 Kxg4 63. Rd6 Nc3 64. Kh2 Ne4 65. Rd4 f5 66. Rxb4 f4 67. Rb7
Nd2 68. Bc4 Nxc4 69. bxc4 Rc3 70. Rxg7 Rxc4 71. Re7 Rc2+ 72. Kg1 Kg3 73. Re1 f3
74. Rd1 Re2 75. Rf1 Re3 0-1

[Event "Kvika Reykjavik Open 2022"]
[Site "Reykjavik ISL"]
[Date "2022.04.07"]
[Round "3.98"]
[White "Gupta, Anand"]
[Black "Banerjee, Aryan"]
[Result "0-1"]
[WhiteElo "1543"]
[BlackElo "1374"]
[WhiteFideId "30951739"]
[BlackFideId "1765035"]
[EventDate "2022.04.06"]

1. d4 e6 2. c4 Nf6 3. Nf3 d5 4. Nc3 Be7 5. Bf4 O-O 6. e3 c5 7. dxc5 dxc4 8. Bxc4
Bxc5 9. O-O Qd7 10. Qc2 Rd8 11. Rad1 Qc7 12. Rxd8+ Qxd8 13. Rd1 Qe7 14. Bg5 Nc6
15. Ne4 Bb6 16. Qc3 Nxe4 17. Bxe7 Nxc3 18. bxc3 Nxe7 19. e4 Bc7 20. Ne5 Nc6 21.
Nd3 Bd7 22. Nc5 Bc8 23. a4 b6 24. Nb3 Bb7 25. Rd7 Rc8 26. f4 Nb8 27. Rd4 Bxf4
28. Kf2 Be5 29. Rd1 Kf8 30. Bd3 Rxc3 31. Nc1 Ba6 32. Bb1 Ke7 33. g3 Rc4 34. Nd3
Rd4 35. Ke3 Bxd3 36. Bxd3 Nc6 37. Rc1 Nb4 38. Bb5 a6 39. Be2 Rd7 40. Rc4 a5 41.
Rc8 Bd4+ 42. Kf4 Bc5 43. Bb5 Rd8 44. Rc7+ Kf6 45. e5+ Kg6 46. Bd7 Nd5+ 47. Kg4
h5+ 48. Kh4 Nxc7 49. Bc6 Nd5 50. Bb5 Ne3 51. Be2 Rd2 52. Bxh5+ Kh6 53. h3 g5# 0-1

[Event "Kvika Reykjavik Open 2022"]
[Site "Reykjavik ISL"]
[Date "2022.04.07"]
[Round "3.99"]
[White "Johannsson, Markus Orri"]
[Black "Helgadottir, Idunn"]
[Result "1/2-1/2"]
[WhiteElo "1288"]
[BlackElo "1540"]
[WhiteFideId "2318539"]
[BlackFideId "2314118"]
[EventDate "2022.04.06"]

1. e4 c5 2. Nf3 e6 3. c3 d5 4. exd5 exd5 5. Bb5+ Bd7 6. Bxd7+ Qxd7 7. d4 Nc6 8.
Be3 c4 9. Nbd2 Nf6 10. O-O Bd6 11. Re1 O-O 12. Qc2 Rfe8 13. Bg5 Be7 14. Bf4 Nh5
15. Ne5 Nxe5 16. Bxe5 Bg5 17. Nf3 Bf4 18. g3 Qg4 19. Qd1 f6 20. Bxf4 Nxf4 21.
Nh4 Rxe1+ 22. Qxe1 Nd3 23. Qe7 Qc8 24. Qd6 Qd8 25. Qe6+ Kh8 26. Qh3 Qe8 27. b3
Rd8 28. Nf5 Qe2 29. Nd6 Qxf2+ 30. Kh1 Qf3+ 31. Kg1 Qe3+ 32. Kg2 Nf4+ 33. gxf4
Qxh3+ 34. Kxh3 Rxd6 35. Re1 h6 36. Re7 cxb3 37. axb3 Rb6 38. b4 Rc6 39. Rxb7
Rxc3+ 40. Kg4 Rb3 41. Rb5 a6 42. Rxd5 Rxb4 43. Rd8+ Kh7 44. Kf5 a5 45. d5 Rd4
46. Ke6 Re4+ 47. Kf7 Rxf4 48. Rg8 Rd4 49. Rxg7+ Kh8 50. Rg8+ Kh7 51. Rd8 f5 52.
Rg8 Rxd5 53. Rg7+ Kh8 1/2-1/2

[Event "Kvika Reykjavik Open 2022"]
[Site "Reykjavik ISL"]
[Date "2022.04.07"]
[Round "3.102"]
[White "Gasanova, Ulker"]
[Black "Palsson, Oli"]
[Result "1/2-1/2"]
[WhiteElo "1479"]
[BlackElo "1295"]
[WhiteFideId "2302055"]
[BlackFideId "2320142"]
[EventDate "2022.04.06"]

1. Nf3 Nf6 2. d3 Nc6 3. e4 e5 4. Nbd2 Be7 5. Nc4 d6 6. Be2 O-O 7. O-O h6 8. c3
Be6 9. Ne3 d5 10. Qc2 d4 11. cxd4 exd4 12. Nf5 Bxf5 13. exf5 Qd7 14. Nh4 Nd5 15.
Nf3 Qxf5 16. a3 Rfe8 17. Nd2 Bg5 18. Ne4 Bxc1 19. Raxc1 Qg6 20. Qd2 Re7 21. Rce1
Rae8 22. Bf3 Ne5 23. Qd1 Nf4 24. Ng3 Nexd3 25. Be4 Qa6 26. Bxd3 Nxd3 27. Rxe7
Rxe7 28. Nf5 Re6 29. Nxd4 Re8 30. Qc2 Nf4 31. Rc1 Qf6 32. Nf3 Ne2+ 33. Kf1 Nxc1
34. Qxc1 Qa6+ 35. Kg1 Qe2 36. h3 c6 37. Qc3 Rd8 38. Kh2 Rd3 39. Qc4 b5 40. Qxc6
Rxf3 41. Qxf3 Qxf3 42. gxf3 Kf8 43. Kg3 Ke7 44. Kf4 Ke6 45. Ke4 a6 46. f4 f5+
47. Kd4 Kd6 48. h4 g6 49. b4 1/2-1/2

[Event "Kvika Reykjavik Open 2022"]
[Site "Reykjavik ISL"]
[Date "2022.04.07"]
[Round "3.104"]
[White "Saemundarson, Saethor Ingi"]
[Black "Zamvar, Vipin"]
[Result "1/2-1/2"]
[WhiteElo "1212"]
[BlackElo "1620"]
[WhiteFideId "2319845"]
[BlackFideId "2403749"]
[EventDate "2022.04.06"]

1. e4 c5 2. Nf3 d6 3. d4 cxd4 4. Nxd4 Nf6 5. Nc3 a6 6. Bc4 e6 7. O-O b5 8. Bd3
Be7 9. Re1 e5 10. Nf3 O-O 11. Ne2 Bg4 12. Ng3 Nc6 13. h3 Bxf3 14. Qxf3 Nd4 15.
Qe3 h6 16. Ne2 Ne6 17. b3 Rc8 18. Bb2 Nd7 19. c4 b4 1/2-1/2

[Event "Kvika Reykjavik Open 2022"]
[Site "Reykjavik ISL"]
[Date "2022.04.07"]
[Round "3.105"]
[White "Neilooday, Raj"]
[Black "Grettisson, Arnar Breki"]
[Result "1/2-1/2"]
[WhiteElo "1201"]
[BlackElo "1518"]
[WhiteFideId "33344671"]
[BlackFideId "2322790"]
[EventDate "2022.04.06"]

1. e4 e5 2. Nf3 Nc6 3. d4 exd4 4. Bc4 Bb4+ 5. c3 dxc3 6. O-O Nge7 7. a3 Ba5 8.
Nxc3 Bxc3 9. bxc3 O-O 10. Nd4 d5 11. Nxc6 bxc6 12. exd5 cxd5 13. Qf3 Bf5 14. Ba2
Be4 15. Qe3 Nf5 16. Qf4 Qd6 17. Qxd6 Nxd6 18. f3 Bd3 19. Rd1 Bc4 20. Bxc4 dxc4
21. Bf4 Rfd8 22. Rd4 Rab8 23. Bxd6 cxd6 24. Rad1 g6 25. Rxc4 Rb3 26. a4 d5 27.
Rc7 Ra3 28. Rxa7 Rxc3 29. Rd4 Rc5 30. a5 Rd6 31. a6 Ra5 32. Ra8+ Kg7 33. a7 Rd7 1/2-1/2

[Event "Kvika Reykjavik Open 2022"]
[Site "Reykjavik ISL"]
[Date "2022.04.07"]
[Round "3.106"]
[White "De Wachter, Livia"]
[Black "Smith, Chris P"]
[Result "1-0"]
[WhiteElo "1171"]
[BlackElo "1454"]
[WhiteFideId "255505"]
[BlackFideId "424617"]
[EventDate "2022.04.06"]

1. e4 d6 2. d4 Nf6 3. Nc3 g6 4. Bg5 Bg7 5. Qd2 Nbd7 6. Bh6 O-O 7. Bxg7 Kxg7 8.
O-O-O c5 9. d5 a6 10. h4 b5 11. h5 b4 12. Nb1 Nxe4 13. Qe3 Nef6 14. hxg6 fxg6
15. Qh6+ Kf7 16. Nf3 Rh8 17. Ng5+ Ke8 18. Ne6 Ng4 19. Qxg6+ hxg6 20. Rxh8+ Kf7
21. Rxd8 Nxf2 22. Rd2 Ne4 23. Re2 Nef6 24. Ng5+ Kg7 25. Rxe7+ Kh6 26. Nf7+ Kh5
27. Be2+ Kh4 28. Rh8+ Kg3 29. Bf3 Nb6 30. Nxd6 Nfxd5 31. Bxd5 Nxd5 32. Rg7 Bb7
33. Rxg6+ Kf2 34. Rxa8 Bxa8 35. Ne4+ Kf1 36. Nbd2+ Ke2 37. Nxc5 Nf4 38. Rxa6
Bxg2 39. a3 bxa3 40. Rxa3 Ke1 41. Nd3+ Nxd3+ 42. Rxd3 1-0

[Event "Kvika Reykjavik Open 2022"]
[Site "Reykjavik ISL"]
[Date "2022.04.07"]
[Round "3.107"]
[White "Marzik, Arne"]
[Black "Hafthorsson, Jon Ulfur"]
[Result "1-0"]
[WhiteElo "1446"]
[BlackElo "1186"]
[WhiteFideId "16254678"]
[BlackFideId "2323206"]
[EventDate "2022.04.06"]

1. d4 Nf6 2. Nf3 d5 3. g3 Bf5 4. c4 c6 5. Bg2 e6 6. Nc3 Be7 7. O-O O-O 8. Nh4
Bg4 9. Qb3 Qb6 10. Qxb6 axb6 11. h3 Bh5 12. Nf3 Ne4 13. g4 Nxc3 14. bxc3 Bg6 15.
cxd5 cxd5 16. Bf4 Nd7 17. Nd2 Rfc8 18. c4 Be4 19. Nxe4 dxe4 20. Rfc1 f5 21. f3
exf3 22. Bxf3 Ra7 23. e4 Ra3 24. Kg2 fxe4 25. Bxe4 Rf8 26. Rf1 Rc3 27. Rac1 Ra3
28. Rc2 g5 29. Bc7 Rxf1 30. Kxf1 Rxh3 31. Kg2 Rh6 32. Bxb7 Bf6 33. Bc6 Nf8 34.
Bxb6 e5 35. d5 Ng6 36. d6 Nf4+ 37. Kf3 Rh3+ 38. Ke4 Rg3 39. Kf5 Kf7 40. Rd2 Ra3
41. d7 Ra6 42. c5 Ra3 43. d8=Q Bxd8 44. Bxd8 Re3 45. Rd7+ 1-0

[Event "Kvika Reykjavik Open 2022"]
[Site "Reykjavik ISL"]
[Date "2022.04.07"]
[Round "3.108"]
[White "Sveinbjornsson, Gudmundur Orri"]
[Black "Bryant, Harry"]
[Result "0-1"]
[WhiteElo "1144"]
[BlackElo "1425"]
[WhiteFideId "2318369"]
[BlackFideId "489158"]
[EventDate "2022.04.06"]

1. e4 c5 2. Nc3 Nc6 3. f4 e6 4. Nf3 Nge7 5. Bb5 a6 6. Bxc6 Nxc6 7. d3 g6 8. O-O
Bg7 9. Qe1 O-O 10. Ng5 d5 11. e5 b5 12. Qg3 b4 13. Ne2 h6 14. Nf3 a5 15. c3 c4
16. d4 a4 17. a3 bxa3 18. bxa3 Na5 19. Be3 Nb3 20. Rab1 Qe7 21. Nc1 Qxa3 22.
Nxb3 axb3 23. Rfc1 Bd7 24. Nh4 b2 25. Rc2 Rfb8 26. Qf2 Qa1 27. Rxb2 Qxb1+ 28.
Rxb1 Rxb1+ 0-1